Central Library OPAC University of Rajshahi

What is democracy : (Record no. 42831)

MARC details
000 -LEADER
fixed length control field 00740nam a2200241 a 4500
001 - CONTROL NUMBER
control field 42831
003 - CONTROL NUMBER IDENTIFIER
rucl marc code BD-RjUL
005 - DATE AND TIME OF LATEST TRANSACTION
control field 20211209053612.0
008 - FIXED-LENGTH DATA ELEMENTS--GENERAL INFORMATION
fixed length control field 16066 s1955 nyua 000 0 eng
035 ## - SYSTEM CONTROL NUMBER
System control number (BD-RjUL)42949
System control number 812862
040 ## - CATALOGING SOURCE
Original cataloging agency OCLC
Language of cataloging eng
Transcribing agency OCLC
Modifying agency OCLC
-- BD-RjUL
041 ## - LANGUAGE CODE
Language code of text/sound track or separate title eng
082 04 - DEWEY DECIMAL CLASSIFICATION NUMBER
Classification number 321.82
Edition number 23
Author mark and year KEW 1955
100 1# - MAIN ENTRY--PERSONAL NAME
Personal name Ketchum, Richard M.
Dates associated with a name 1922-
9 (RLIN) 131606
245 10 - TITLE STATEMENT
Title What is democracy :
Remainder of title introd. by Dr. Grayson Kirk , President of columbia University /
Statement of responsibility, etc. Richard M. Ketchum, Will Anderson and Ruth Traurig
250 ## - EDITION STATEMENT
Edition statement [1st ed.]
260 ## - PUBLICATION, DISTRIBUTION, ETC. (IMPRINT)
Place of publication, distribution, etc. New York :
Name of publisher, distributor, etc. Dutton,
Date of publication, distribution, etc. 1955,
300 ## - PHYSICAL DESCRIPTION
Pagination 191 p. :
Illustrations ill ;
Size 28 cm.
650 #0 - SUBJECT ADDED ENTRY--TOPICAL TERM
Topical term or geographic name as entry element Democracy.
9 (RLIN) 131607
Topical term or geographic name as entry element Liberty.
9 (RLIN) 125356
942 ## - ADDED ENTRY ELEMENTS (KOHA)
Source of classification or shelving scheme Dewey Decimal Classification
Koha item type Books
Holdings
Lost status Source of classification or shelving scheme Damaged status Not for loan Collection code Permanent Location Current Location Shelving location Date acquired Source of acquisition Total Checkouts Full call number Date last seen Copy number Koha item type
  Dewey Decimal Classification     Non-fiction Central Library, University of Rajshahi Central Library, University of Rajshahi   12/08/1965 U.S.I.S   321.82 KEW 1955 16/06/2016 C-2 Books
  Dewey Decimal Classification     Non-fiction Central Library, University of Rajshahi Central Library, University of Rajshahi   12/08/1965 U.S.I.S   321.82 KEW 1955 16/06/2016 C-3 Books